<?xml version="1.0" encoding="UTF-8"?>
<record
    xmlns:xsi="http://www.w3.org/2001/XMLSchema-instance"
    xsi:schemaLocation="http://www.loc.gov/MARC21/slim http://www.loc.gov/standards/marcxml/schema/MARC21slim.xsd"
    xmlns="http://www.loc.gov/MARC21/slim">

  <leader>01885njm a2200325Ia 4500</leader>
  <controlfield tag="001">G7119</controlfield>
  <controlfield tag="003">IT-RoPAU</controlfield>
  <controlfield tag="005">20220918181213.0</controlfield>
  <controlfield tag="008">131025s9999    xx            000 0 und d</controlfield>
  <datafield tag="040" ind1=" " ind2=" ">
    <subfield code="a">IT-RoPAU</subfield>
  </datafield>
  <datafield tag="040" ind1=" " ind2=" ">
    <subfield code="c">IT-RoPAU</subfield>
  </datafield>
  <datafield tag="041" ind1=" " ind2=" ">
    <subfield code="a">ITALIANO</subfield>
  </datafield>
  <datafield tag="999" ind1=" " ind2=" ">
    <subfield code="c">103769</subfield>
    <subfield code="d">103769</subfield>
  </datafield>
  <datafield tag="999" ind1=" " ind2=" ">
    <subfield code="b">n.d.</subfield>
  </datafield>
  <datafield tag="100" ind1=" " ind2=" ">
    <subfield code="a">Buttazzo Francesco</subfield>
    <subfield code="9">28221</subfield>
  </datafield>
  <datafield tag="100" ind1=" " ind2=" ">
    <subfield code="e">Autore musica</subfield>
    <subfield code="9">32999</subfield>
  </datafield>
  <datafield tag="100" ind1=" " ind2=" ">
    <subfield code="g">Codice autore musica SPICS: 35727</subfield>
    <subfield code="9">28223</subfield>
  </datafield>
  <datafield tag="245" ind1=" " ind2=" ">
    <subfield code="a">Alleluia &#xE8; risorto: canti pasquali per la messa con i giovani</subfield>
  </datafield>
  <datafield tag="250" ind1=" " ind2=" ">
    <subfield code="a">1a ed.</subfield>
  </datafield>
  <datafield tag="260" ind1=" " ind2=" ">
    <subfield code="a">ROMA</subfield>
  </datafield>
  <datafield tag="260" ind1=" " ind2=" ">
    <subfield code="b">AUDIOVISIVI PAOLINE</subfield>
    <subfield code="c">2001 [1a Ed.:2001 - Ed. Lingua Orig.: 2001]</subfield>
  </datafield>
  <datafield tag="300" ind1=" " ind2=" ">
    <subfield code="a">SPARTITO MUSICALE</subfield>
  </datafield>
  <datafield tag="300" ind1=" " ind2=" ">
    <subfield code="c"> (Testo: 36 pag.)</subfield>
  </datafield>
  <datafield tag="500" ind1=" " ind2=" ">
    <subfield code="a">Spartiti musicali di 12 canti religiosi con parole e testi musicali.  Vedere cassetta (Cod. 9951 G7120).</subfield>
  </datafield>
  <datafield tag="505" ind1=" " ind2=" ">
    <subfield code="a">Alleluia, &#xE8; risorto il Signor (testo e musica di F. Baggio) - Alleluia, Cristo &#xE8; risorto (testo e musica di P. Auricchio) - Io ti esalter&#xF2; (testo e musica di F. Baggio) - Non cercate tra i morti (testo e musica di F. Buttazzo) - Arderanno sempre i nostri cuori (testo e musica di P. Auricchio) - Cristo &#xE8; vivo (testo e musica di M. Zambuto) - Esultiamo in te, Ges&#xF9; (testo e musica di F. Buttazzo) - Sfolgora il sole di Pasqua (testo e musica di F. Buttazzo) - Quello che abbiamo udito (testo di A.M. Galliano e musica di F. Buttazzo) - E' risorto (testo e musica di M. Zambuto) - Testimoni dell'amore (testo di A.M. Galliano e musica di F. Buttazzo) - Ti lodino p popoli, Dio (testo e musica di F. Buttazzo).</subfield>
  </datafield>
  <datafield tag="511" ind1=" " ind2=" ">
    <subfield code="a">Matteo Zambuto, Fabio Baggio, Francesco Buttazzo, Paolo AuricchiO</subfield>
  </datafield>
  <datafield tag="650" ind1=" " ind2=" ">
    <subfield code="a">LITURGICO [SPARTITI MUSICALI]</subfield>
    <subfield code="e">Codice MATERIA SPICS: 9953</subfield>
    <subfield code="9">23550</subfield>
  </datafield>
  <datafield tag="700" ind1=" " ind2=" ">
    <subfield code="a">Auricchio Paolo</subfield>
    <subfield code="e">Autore</subfield>
    <subfield code="g">Codice autore SPICS: 35407</subfield>
    <subfield code="9">33000</subfield>
  </datafield>
  <datafield tag="700" ind1=" " ind2=" ">
    <subfield code="a">Galliano Annamaria</subfield>
    <subfield code="e">Autore testo</subfield>
    <subfield code="g">Codice autore testo SPICS:  5671</subfield>
    <subfield code="9">33001</subfield>
  </datafield>
  <datafield tag="942" ind1=" " ind2=" ">
    <subfield code="c">MS</subfield>
    <subfield code="2">ddc</subfield>
  </datafield>
  <datafield tag="952" ind1=" " ind2=" ">
    <subfield code="0">0</subfield>
    <subfield code="1">0</subfield>
    <subfield code="4">0</subfield>
    <subfield code="6">G_7119_000000000000000</subfield>
    <subfield code="7">1</subfield>
    <subfield code="a">SPICS</subfield>
    <subfield code="b">SPICS</subfield>
    <subfield code="d">2013-10-25</subfield>
    <subfield code="l">0</subfield>
    <subfield code="o">G7119</subfield>
    <subfield code="r">2013-10-25 00:00:00</subfield>
    <subfield code="w">2013-10-25</subfield>
    <subfield code="y">MS</subfield>
    <subfield code="z">Progr. Ins.: 22889 / N.Vol.: 1 / Copie: 1 - Copia rara: n.d. / date import: 01.01.2014 - By Epidotti, Trombetti, Vaglietti</subfield>
  </datafield>
</record>
